Riconosci gli Stati dal satellite - Quiz n°19 - Statistics

Statistiche generali
  • Questo quiz è stato fatto 3 volte
  • Il punteggio medio è 6 su 12
Statistiche sulle risposte
con Immagini Risposta % Corretto
Danimarca
100%
Spagna
100%
Bulgaria
67%
Repubblica Centrafricana
67%
Brunei
33%
Guinea
33%
Laos
33%
Liechtenstein
33%
Lussemburgo
33%
Repubblica Ceca
33%
Tagikistan
33%
Turkmenistan
33%
Nessun quiz corrispondente trovato
Distribuzione punteggi
Percentuale di utenti per punteggio
Percentile per numero di risposta
I tuoi punteggi nel tempo
Non hai fatto questo quiz